[Event "DEM U18 2018"]
[Site "Willingen GER"]
[Date "2018.05.22"]
[Round "4"]
[White "Schlick, Stefan"]
[Black "Heldt, Nils-Lennart"]
[Result "1/2-1/2"]
[Termination "normal"]
[Board "14"]
[WhiteElo "1970"]
[BlackElo "2070"]
[WhiteClock "00:29:20"]
[BlackClock "01:32:34"]
[PlyCount "48"]
[WhiteFideId "16211332"]
[BlackFideId "12952109"]
[EventCountry "GER"]
[EventRounds "9"]
[EventType "swiss"]
[EventDate "2018.05.19"]

1. d4 {[%clk 1:30:57]} 1... d5 {[%clk 1:30:53]} 2. c4 {[%clk 1:31:23]} 2... e6
{[%clk 1:31:20]} 3. Nc3 {[%clk 1:31:45]} 3... c6 {[%clk 1:31:46]} 4. Nf3 {
[%clk 1:31:01]} 4... Nf6 {[%clk 1:32:11]} 5. Bg5 {[%clk 1:30:34]} 5... dxc4 {
[%clk 1:32:34]} 6. e4 {[%clk 1:30:27]} 6... b5 {[%clk 1:32:59]} 7. e5 { [%clk
1:30:53]} 7... h6 {[%clk 1:33:24]} 8. Bh4 {[%clk 1:31:21]} 8... g5 { [%clk
1:33:50]} 9. Nxg5 {[%clk 1:31:47]} 9... hxg5 {[%clk 1:34:15]} 10. Bxg5 { [%clk
1:32:14]} 10... Nbd7 {[%clk 1:34:34]} 11. g3 {[%clk 1:32:01]} 11... Bb7 { [%clk
1:34:51]} 12. Bg2 {[%clk 1:32:28]} 12... Qb6 {[%clk 1:35:11]} 13. exf6 { [%clk
1:32:54]} 13... O-O-O {[%clk 1:35:05]} 14. O-O {[%clk 1:32:57]} 14... c5 {[%clk
1:35:18]} 15. d5 {[%clk 1:27:46]} 15... b4 {[%clk 1:34:22]} 16. Rb1 { [%clk
1:22:56]} 16... Qa6 {[%clk 1:34:44]} 17. dxe6 {[%clk 0:58:46]} 17... Bxg2
{[%clk 1:34:22]} 18. e7 {[%clk 0:41:39]} 18... Bxf1 {[%clk 1:34:29]} 19. Qd5 {
[%clk 0:36:59]} 19... Bxe7 {[%clk 1:34:24]} 20. fxe7 {[%clk 0:29:20]} 20... Bd3
{[%clk 1:34:40]} 21. exd8=Q+ Rxd8 22. Ne4 Bxb1 23. Nd6+ Kc7 24. Bf4 24... Kb6 {
[%clk 1:32:34]} 1/2-1/2

[Event "DEM U18 2018"]
[Site "Willingen GER"]
[Date "2018.05.23"]
[Round "5"]
[White "Lagunow, Raphael"]
[Black "Reuker, Jari"]
[Result "0-1"]
[Termination "normal"]
[Board "1"]
[WhiteTitle "FM"]
[WhiteElo "2387"]
[BlackElo "2338"]
[WhiteClock "00:00:42"]
[BlackClock "00:03:12"]
[PlyCount "78"]
[WhiteFideId "24652644"]
[BlackFideId "12909300"]
[EventCountry "GER"]
[EventRounds "9"]
[EventType "swiss"]
[EventDate "2018.05.19"]

1. e4 {[%clk 1:30:57]} 1... e5 {[%clk 1:30:54]} 2. Nf3 {[%clk 1:31:21]} 2...
Nc6 {[%clk 1:31:19]} 3. Bc4 {[%clk 1:31:46]} 3... Bc5 {[%clk 1:31:42]} 4. d3 {
[%clk 1:32:10]} 4... Nf6 {[%clk 1:32:06]} 5. Nc3 {[%clk 1:32:32]} 5... O-O {
[%clk 1:20:28]} 6. h3 {[%clk 1:28:43]} 6... d6 {[%clk 1:16:54]} 7. a3 { [%clk
1:06:58]} 7... a6 {[%clk 1:06:57]} 8. Bg5 {[%clk 0:58:24]} 8... h6 { [%clk
1:00:11]} 9. Be3 {[%clk 0:36:46]} 9... Bxe3 {[%clk 0:57:24]} 10. fxe3 { [%clk
0:35:36]} 10... Be6 {[%clk 0:57:18]} 11. Nd5 {[%clk 0:31:37]} 11... Bxd5 {[%clk
0:54:33]} 12. exd5 {[%clk 0:30:58]} 12... Ne7 {[%clk 0:54:46]} 13. e4 { [%clk
0:31:19]} 13... Nh5 {[%clk 0:46:18]} 14. g4 {[%clk 0:27:38]} 14... Nf4 { [%clk
0:46:14]} 15. Qd2 {[%clk 0:27:33]} 15... Qd7 {[%clk 0:34:27]} 16. O-O-O { [%clk
0:26:19]} 16... b5 {[%clk 0:32:47]} 17. Bb3 {[%clk 0:25:52]} 17... a5 { [%clk
0:31:01]} 18. d4 {[%clk 0:20:30]} 18... f6 {[%clk 0:25:03]} 19. g5 { [%clk
0:17:08]} 19... fxg5 {[%clk 0:23:59]} 20. dxe5 {[%clk 0:16:17]} 20... a4 {[%clk
0:23:21]} 21. Ba2 {[%clk 0:16:16]} 21... b4 {[%clk 0:23:04]} 22. e6 { [%clk
0:15:17]} 22... Qe8 {[%clk 0:20:33]} 23. axb4 {[%clk 0:14:04]} 23... a3 { [%clk
0:20:56]} 24. b3 {[%clk 0:05:58]} 24... Qg6 {[%clk 0:20:35]} 25. Nd4 { [%clk
0:03:18]} 25... Qxe4 {[%clk 0:19:41]} 26. c4 {[%clk 0:03:47]} 26... c5 { [%clk
0:15:35]} 27. bxc5 {[%clk 0:03:12]} 27... dxc5 {[%clk 0:15:38]} 28. Rhe1 {[%clk
0:01:45]} 28... Qxd4 {[%clk 0:14:18]} 29. Qxd4 {[%clk 0:02:13]} 29... cxd4
{[%clk 0:14:47]} 30. b4 {[%clk 0:00:53]} 30... Rfb8 {[%clk 0:06:43]} 31. b5
{[%clk 0:00:32]} 31... Nf5 {[%clk 0:05:45]} 32. e7 {[%clk 0:00:53]} 32... Kf7
{[%clk 0:05:13]} 33. d6 {[%clk 0:00:46]} 33... Ke8 {[%clk 0:04:57]} 34. c5
{[%clk 0:00:34]} 34... Rxb5 {[%clk 0:04:17]} 35. Re5 {[%clk 0:01:04]} 35...
Nxd6 {[%clk 0:03:25]} 36. Rxd4 {[%clk 0:01:33]} 36... Rxc5+ {[%clk 0:02:52]}
37. Rxc5 {[%clk 0:01:54]} 37... Ne2+ {[%clk 0:03:17]} 38. Kb1 {[%clk 0:00:51]}
38... Nxd4 {[%clk 0:03:32]} 39. Rc7 {[%clk 0:00:42]} 39... N4b5 {[%clk 0:03:12]
} 0-1

[Event "DEM U18 2018"]
[Site "Willingen GER"]
[Date "2018.05.23"]
[Round "5"]
[White "Ewert, Hannes"]
[Black "Parvanyan, Ashot"]
[Result "0-1"]
[Termination "normal"]
[Board "2"]
[WhiteTitle "FM"]
[BlackTitle "FM"]
[WhiteElo "2312"]
[BlackElo "2413"]
[WhiteClock "00:01:22"]
[BlackClock "00:04:14"]
[PlyCount "56"]
[WhiteFideId "12961574"]
[BlackFideId "13307550"]
[EventCountry "GER"]
[EventRounds "9"]
[EventType "swiss"]
[EventDate "2018.05.19"]

1. d4 {[%clk 1:30:54]} 1... Nf6 {[%clk 1:30:10]} 2. c4 {[%clk 1:31:18]} 2... e6
{[%clk 1:28:05]} 3. Nf3 {[%clk 1:29:54]} 3... c5 {[%clk 1:26:56]} 4. Nc3 {
[%clk 1:26:05]} 4... cxd4 {[%clk 1:25:45]} 5. Nxd4 {[%clk 1:25:52]} 5... Bb4 {
[%clk 1:25:38]} 6. Qc2 {[%clk 1:11:21]} 6... O-O {[%clk 1:15:26]} 7. a3 { [%clk
1:08:54]} 7... Bxc3+ {[%clk 1:11:24]} 8. Qxc3 {[%clk 1:09:18]} 8... d5 { [%clk
1:07:07]} 9. e3 {[%clk 1:02:16]} 9... Re8 {[%clk 1:01:54]} 10. Be2 { [%clk
0:49:25]} 10... e5 {[%clk 1:01:17]} 11. Nf3 {[%clk 0:48:53]} 11... Nc6 { [%clk
0:54:23]} 12. cxd5 {[%clk 0:34:26]} 12... Nxd5 {[%clk 0:54:26]} 13. Qd2 { [%clk
0:32:33]} 13... e4 {[%clk 0:52:14]} 14. Nd4 {[%clk 0:28:32]} 14... Qg5 { [%clk
0:52:12]} 15. Kf1 {[%clk 0:24:36]} 15... Ne5 {[%clk 0:50:58]} 16. h3 { [%clk
0:21:55]} 16... Bd7 17. b3 17... Rad8 {[%clk 0:45:50]} 18. Bb2 { [%clk
0:21:13]} 18... h5 {[%clk 0:29:11]} 19. h4 {[%clk 0:17:28]} 19... Qg6 { [%clk
0:29:06]} 20. Re1 {[%clk 0:14:51]} 20... Bg4 {[%clk 0:27:29]} 21. f3 { [%clk
0:13:22]} 21... exf3 {[%clk 0:14:41]} 22. gxf3 {[%clk 0:13:44]} 22... Nxe3+
{[%clk 0:12:44]} 23. Qxe3 {[%clk 0:09:35]} 23... Nxf3 {[%clk 0:12:28]} 24. Qxf3
{[%clk 0:03:07]} 24... Bxf3 {[%clk 0:06:06]} 25. Nxf3 {[%clk 0:03:32]} 25...
Rxe2 {[%clk 0:05:26]} 26. Rxe2 {[%clk 0:02:32]} 26... Rd1+ { [%clk 0:04:08]}
27. Ne1 {[%clk 0:01:13]} 27... Qf5+ {[%clk 0:03:55]} 28. Rf2 { [%clk 0:01:22]}
28... Rxe1+ {[%clk 0:04:14]} 0-1

[Event "DEM U18 2018"]
[Site "Willingen GER"]
[Date "2018.05.23"]
[Round "5"]
[White "Nothnagel, Marian Can"]
[Black "Niermann, Tristan"]
[Result "1-0"]
[Termination "normal"]
[Board "3"]
[BlackTitle "FM"]
[WhiteElo "2317"]
[BlackElo "2327"]
[WhiteClock "00:35:53"]
[BlackClock "00:09:40"]
[PlyCount "43"]
[WhiteFideId "12921530"]
[BlackFideId "12990698"]
[EventCountry "GER"]
[EventRounds "9"]
[EventType "swiss"]
[EventDate "2018.05.19"]

1. d4 {[%clk 1:30:57]} 1... d5 {[%clk 1:30:48]} 2. c4 {[%clk 1:31:23]} 2... c6
{[%clk 1:30:41]} 3. cxd5 {[%clk 1:31:43]} 3... cxd5 {[%clk 1:30:57]} 4. Bg5 {
[%clk 1:32:07]} 4... Nc6 {[%clk 1:29:28]} 5. Nc3 {[%clk 1:32:32]} 5... Qb6 {
[%clk 1:22:22]} 6. Qd2 {[%clk 1:21:07]} 6... e6 {[%clk 1:17:48]} 7. e3 { [%clk
1:19:48]} 7... Bd7 {[%clk 1:10:08]} 8. Bd3 {[%clk 1:17:12]} 8... Rc8 { [%clk
1:05:18]} 9. Nf3 {[%clk 1:16:06]} 9... Bb4 {[%clk 1:00:44]} 10. Rc1 { [%clk
1:11:21]} 10... Na5 {[%clk 0:48:45]} 11. O-O {[%clk 1:02:52]} 11... f6 { [%clk
0:42:12]} 12. Bf4 {[%clk 1:02:19]} 12... Ne7 {[%clk 0:40:11]} 13. Qe2 { [%clk
0:48:15]} 13... g5 {[%clk 0:27:59]} 14. Bxg5 {[%clk 0:45:08]} 14... fxg5 {[%clk
0:26:25]} 15. Nxg5 {[%clk 0:44:39]} 15... h5 {[%clk 0:20:49]} 16. Bh7 { [%clk
0:42:04]} 16... Bc6 {[%clk 0:14:00]} 17. Qxh5+ {[%clk 0:40:55]} 17... Kd7
{[%clk 0:14:12]} 18. Qf7 {[%clk 0:38:31]} 18... Bb5 {[%clk 0:10:52]} 19. Nxd5 {
[%clk 0:36:40]} 19... exd5 {[%clk 0:10:03]} 20. Bf5+ {[%clk 0:37:05]} 20... Kd8
{[%clk 0:09:41]} 21. Rxc8+ {[%clk 0:35:29]} 21... Nxc8 {[%clk 0:09:40]} 22.
Ne6+ {[%clk 0:35:53]} 1-0

[Event "DEM U18 2018"]
[Site "Willingen GER"]
[Date "2018.05.23"]
[Round "5"]
[White "Degenhard, Simon"]
[Black "Kololli, Martin"]
[Result "1/2-1/2"]
[Termination "normal"]
[Board "4"]
[WhiteTitle "FM"]
[WhiteElo "2189"]
[BlackElo "2336"]
[WhiteClock "01:06:02"]
[BlackClock "01:25:20"]
[PlyCount "40"]
[WhiteFideId "12944017"]
[BlackFideId "12936910"]
[EventCountry "GER"]
[EventRounds "9"]
[EventType "swiss"]
[EventDate "2018.05.19"]

1. e4 {[%clk 1:30:56]} 1... e5 {[%clk 1:30:47]} 2. Nf3 {[%clk 1:31:11]} 2...
Nc6 {[%clk 1:31:12]} 3. Bb5 {[%clk 1:31:15]} 3... a6 {[%clk 1:31:38]} 4. Ba4 {
[%clk 1:31:38]} 4... Nf6 {[%clk 1:32:00]} 5. O-O {[%clk 1:31:57]} 5... Be7 {
[%clk 1:32:23]} 6. Re1 {[%clk 1:32:14]} 6... b5 {[%clk 1:32:46]} 7. Bb3 { [%clk
1:32:36]} 7... d6 {[%clk 1:33:12]} 8. c3 {[%clk 1:32:38]} 8... O-O { [%clk
1:33:36]} 9. h3 {[%clk 1:33:00]} 9... Na5 {[%clk 1:33:58]} 10. Bc2 { [%clk
1:33:20]} 10... c5 {[%clk 1:34:22]} 11. d4 {[%clk 1:32:51]} 11... Qc7 { [%clk
1:34:11]} 12. Nbd2 {[%clk 1:32:41]} 12... exd4 {[%clk 1:29:42]} 13. cxd4 {[%clk
1:32:56]} 13... Nc6 {[%clk 1:29:50]} 14. d5 {[%clk 1:23:35]} 14... Ne5 { [%clk
1:29:46]} 15. Nxe5 {[%clk 1:21:27]} 15... dxe5 {[%clk 1:30:09]} 16. a4 { [%clk
1:21:45]} 16... Rb8 {[%clk 1:30:01]} 17. axb5 {[%clk 1:12:06]} 17... axb5
{[%clk 1:30:03]} 18. b3 {[%clk 1:12:03]} 18... Bd7 {[%clk 1:29:25]} 19. Bb2 {
[%clk 1:11:43]} 19... c4 {[%clk 1:25:02]} 20. bxc4 {[%clk 1:06:02]} 20... bxc4
{[%clk 1:25:20]} 1/2-1/2

[Event "DEM U18 2018"]
[Site "Willingen GER"]
[Date "2018.05.23"]
[Round "5"]
[White "Polster, Christian"]
[Black "Herbrig, Alexander"]
[Result "1-0"]
[Termination "normal"]
[Board "5"]
[WhiteTitle "FM"]
[WhiteElo "2289"]
[BlackElo "2270"]
[WhiteClock "00:38:03"]
[BlackClock "00:27:17"]
[PlyCount "117"]
[WhiteFideId "12965081"]
[BlackFideId "12952044"]
[EventCountry "GER"]
[EventRounds "9"]
[EventType "swiss"]
[EventDate "2018.05.19"]

1. e4 {[%clk 1:30:57]} 1... c5 {[%clk 1:30:53]} 2. Nf3 {[%clk 1:31:21]} 2...
Nc6 {[%clk 1:31:17]} 3. d4 {[%clk 1:31:44]} 3... cxd4 {[%clk 1:31:34]} 4. Nxd4
{[%clk 1:32:07]} 4... g6 {[%clk 1:31:58]} 5. Nc3 {[%clk 1:32:27]} 5... Bg7 {
[%clk 1:31:58]} 6. Be3 {[%clk 1:32:49]} 6... Nf6 {[%clk 1:32:19]} 7. Bc4 {
[%clk 1:33:13]} 7... O-O {[%clk 1:32:40]} 8. Bb3 {[%clk 1:33:38]} 8... Re8 {
[%clk 1:33:02]} 9. O-O {[%clk 1:28:23]} 9... d6 {[%clk 1:33:14]} 10. h3 { [%clk
1:28:35]} 10... Na5 {[%clk 1:32:08]} 11. Qe2 {[%clk 1:23:34]} 11... b6 { [%clk
1:23:45]} 12. Rfd1 {[%clk 1:17:55]} 12... Nd7 {[%clk 1:15:07]} 13. Ba4 { [%clk
1:13:33]} 13... a6 {[%clk 1:04:18]} 14. b4 {[%clk 1:05:26]} 14... b5 { [%clk
1:02:58]} 15. Bb3 {[%clk 1:05:52]} 15... Nxb3 16. cxb3 16... Bb7 { [%clk
1:01:02]} 17. Rac1 {[%clk 1:04:28]} 17... Rc8 {[%clk 0:53:48]} 18. Qd2 { [%clk
0:59:50]} 18... Ne5 {[%clk 0:33:12]} 19. Nd5 19... e6 {[%clk 0:26:49]} 20. Nc3
{[%clk 0:54:04]} 20... Qe7 21. Bg5 {[%clk 0:42:40]} 21... Bf6 { [%clk 0:21:22]}
22. h4 {[%clk 0:37:26]} 22... Red8 {[%clk 0:16:20]} 23. Qf4 { [%clk 0:35:28]}
23... Bxg5 {[%clk 0:16:02]} 24. hxg5 {[%clk 0:35:42]} 24... Nc6 {[%clk
0:14:56]} 25. Nc2 {[%clk 0:33:55]} 25... Rd7 {[%clk 0:13:22]} 26. Ne3 { [%clk
0:30:14]} 26... Qf8 {[%clk 0:04:32]} 27. Ng4 {[%clk 0:26:35]} 27... Kh8 { [%clk
0:04:03]} 28. Nf6 {[%clk 0:26:19]} 28... Rdc7 {[%clk 0:03:50]} 29. Rd3 { [%clk
0:26:01]} 29... Nd4 {[%clk 0:01:27]} 30. Rxd4 {[%clk 0:21:44]} 30... Rxc3
{[%clk 0:01:39]} 31. Rxc3 {[%clk 0:21:59]} 31... Rxc3 {[%clk 0:02:07]} 32. Rxd6
{[%clk 0:21:59]} 32... h6 {[%clk 0:02:07]} 33. Qd2 Rc8 34. Rd3 {[%clk 0:12:17]}
34... e5 {[%clk 0:01:09]} 35. Rh3 {[%clk 0:12:11]} 35... h5 {[%clk 0:01:24]}
36. g4 {[%clk 0:11:43]} 36... Rd8 37. Qc3 {[%clk 0:11:32]} 37... Qd6 { [%clk
0:00:58]} 38. gxh5 {[%clk 0:10:42]} 38... Qd1+ {[%clk 0:00:39]} 39. Kh2 { [%clk
0:10:20]} 39... Qd2 {[%clk 0:00:37]} 40. hxg6+ {[%clk 0:07:46]} 40... Kg7
{[%clk 0:01:03]} 41. Qxd2 41... Rxd2 {[%clk 0:29:19]} 42. gxf7 {[%clk 0:37:22]}
42... Kxf7 {[%clk 0:26:31]} 43. Rh7+ {[%clk 0:37:38]} 43... Kg6 {[%clk 0:26:56]
} 44. Rxb7 {[%clk 0:38:00]} 44... Kxg5 {[%clk 0:27:04]} 45. Nd5 {[%clk 0:36:34]
} 45... Rxf2+ {[%clk 0:26:23]} 46. Kg3 {[%clk 0:36:48]} 46... Rxa2 { [%clk
0:26:41]} 47. Rg7+ {[%clk 0:37:01]} 47... Kh6 {[%clk 0:26:32]} 48. Re7 { [%clk
0:37:21]} 48... Rb2 {[%clk 0:26:33]} 49. Rxe5 {[%clk 0:37:38]} 49... Rxb3+
{[%clk 0:26:57]} 50. Kf4 {[%clk 0:38:03]} 50... Ra3 {[%clk 0:27:17]} 51. Re6+
Kg7 52. Nc7 a5 53. bxa5 Rxa5 54. Rb6 Kf7 55. Rxb5 Ra1 56. Nd5 Rh1 57. Rb7+ Ke6
58. Rb6+ Kd7 59. e5 1-0

[Event "DEM U18 2018"]
[Site "Willingen GER"]
[Date "2018.05.23"]
[Round "5"]
[White "Mätzkow, Maximilian Paul"]
[Black "Schmidek, Emil"]
[Result "0-1"]
[Termination "normal"]
[Board "6"]
[BlackTitle "FM"]
[WhiteElo "2171"]
[BlackElo "2395"]
[WhiteClock "00:22:28"]
[BlackClock "00:01:10"]
[PlyCount "78"]
[WhiteFideId "24679933"]
[BlackFideId "12908150"]
[EventCountry "GER"]
[EventRounds "9"]
[EventType "swiss"]
[EventDate "2018.05.19"]

1. d4 {[%clk 1:30:58]} 1... Nf6 {[%clk 1:30:55]} 2. c4 {[%clk 1:31:25]} 2... g6
{[%clk 1:31:21]} 3. Nc3 {[%clk 1:31:53]} 3... d5 {[%clk 1:31:47]} 4. cxd5 {
[%clk 1:32:20]} 4... Nxd5 {[%clk 1:32:14]} 5. Bd2 {[%clk 1:32:45]} 5... Bg7 {
[%clk 1:32:40]} 6. e4 {[%clk 1:33:10]} 6... Nb6 {[%clk 1:33:07]} 7. Be3 { [%clk
1:33:31]} 7... O-O {[%clk 1:33:17]} 8. h3 {[%clk 1:33:54]} 8... e5 { [%clk
1:10:45]} 9. dxe5 {[%clk 1:34:05]} 9... Qe7 {[%clk 1:01:11]} 10. Nf3 { [%clk
1:27:35]} 10... Nc6 {[%clk 0:59:27]} 11. Be2 {[%clk 1:21:03]} 11... Nxe5 {[%clk
0:55:25]} 12. Nxe5 {[%clk 1:19:12]} 12... Bxe5 {[%clk 0:55:39]} 13. Qc2 {[%clk
1:17:57]} 13... Bd7 {[%clk 0:47:24]} 14. O-O {[%clk 1:17:24]} 14... Bc6 {[%clk
0:41:10]} 15. Bb5 {[%clk 1:13:00]} 15... Qf6 {[%clk 0:38:40]} 16. Bxc6 { [%clk
1:10:43]} 16... Qxc6 {[%clk 0:39:03]} 17. Rfd1 {[%clk 1:04:25]} 17... Rfd8
{[%clk 0:35:51]} 18. Rxd8+ {[%clk 1:03:38]} 18... Rxd8 {[%clk 0:36:17]} 19. Rd1
{[%clk 1:03:56]} 19... Rxd1+ {[%clk 0:22:55]} 20. Qxd1 {[%clk 1:04:19]} 20...
Nc4 {[%clk 0:21:37]} 21. Bh6 {[%clk 0:53:31]} 21... Qd6 {[%clk 0:10:19]} 22.
Qb3 {[%clk 0:44:53]} 22... Nb6 {[%clk 0:06:59]} 23. Nd5 {[%clk 0:42:46]} 23...
c6 {[%clk 0:03:57]} 24. Nxb6 {[%clk 0:42:17]} 24... axb6 {[%clk 0:04:26]} 25.
g3 {[%clk 0:41:30]} 25... b5 {[%clk 0:04:20]} 26. Kg2 {[%clk 0:40:31]} 26...
Bd4 {[%clk 0:02:20]} 27. f4 {[%clk 0:28:03]} 27... Qc5 {[%clk 0:00:59]} 28. Qd3
{[%clk 0:26:51]} 28... Qc4 {[%clk 0:00:51]} 29. Qd2 {[%clk 0:26:25]} 29... Bb6
{[%clk 0:00:40]} 30. Kf3 {[%clk 0:25:24]} 30... f5 {[%clk 0:00:34]} 31. exf5
{[%clk 0:23:06]} 31... gxf5 {[%clk 0:00:58]} 32. Kg2 {[%clk 0:23:02]} 32...
Qxa2 {[%clk 0:01:05]} 33. Qc3 {[%clk 0:22:52]} 33... Qd5+ {[%clk 0:01:27] } 34.
Kh2 {[%clk 0:22:42]} 34... Qd4 {[%clk 0:00:59]} 35. Qe1 {[%clk 0:22:47]} 35...
Qe3 {[%clk 0:00:41]} 36. Qd1 {[%clk 0:21:58]} 36... Qf2+ {[%clk 0:00:45]} 37.
Kh1 {[%clk 0:22:22]} 37... Qxg3 {[%clk 0:01:08]} 38. Qf1 {[%clk 0:22:16]} 38...
Bd4 {[%clk 0:01:00]} 39. b4 {[%clk 0:22:28]} 39... b6 {[%clk 0:01:10]} 0-1

[Event "DEM U18 2018"]
[Site "Willingen GER"]
[Date "2018.05.23"]
[Round "5"]
[White "Buckels, Valentin"]
[Black "Ortmeier, Leonhard"]
[Result "1-0"]
[Termination "normal"]
[Board "7"]
[WhiteTitle "FM"]
[WhiteElo "2340"]
[BlackElo "2141"]
[WhiteClock "00:25:29"]
[BlackClock "00:05:07"]
[PlyCount "79"]
[WhiteFideId "12942766"]
[BlackFideId "12993662"]
[EventCountry "GER"]
[EventRounds "9"]
[EventType "swiss"]
[EventDate "2018.05.19"]

1. Nf3 {[%clk 1:30:57]} 1... Nf6 {[%clk 1:30:07]} 2. g3 {[%clk 1:31:14]} 2...
d5 {[%clk 1:28:48]} 3. Bg2 {[%clk 1:31:37]} 3... e6 {[%clk 1:27:21]} 4. d4 {
[%clk 1:31:54]} 4... Be7 {[%clk 1:27:47]} 5. c4 {[%clk 1:32:19]} 5... O-O {
[%clk 1:25:16]} 6. Qc2 {[%clk 1:32:36]} 6... dxc4 {[%clk 1:20:00]} 7. Nbd2 {
[%clk 1:32:03]} 7... b5 {[%clk 1:15:11]} 8. a4 {[%clk 1:32:22]} 8... b4 { [%clk
1:13:50]} 9. Nxc4 {[%clk 1:26:36]} 9... Bb7 {[%clk 1:12:55]} 10. O-O { [%clk
1:26:24]} 10... Be4 {[%clk 1:11:52]} 11. Qd1 {[%clk 1:23:12]} 11... Nbd7 {[%clk
1:07:44]} 12. b3 {[%clk 1:18:10]} 12... c5 {[%clk 1:05:17]} 13. Bb2 { [%clk
1:18:18]} 13... Nd5 {[%clk 0:56:42]} 14. Ncd2 {[%clk 1:16:01]} 14... N7f6
{[%clk 0:54:10]} 15. Nxe4 {[%clk 1:15:21]} 15... Nxe4 {[%clk 0:54:31]} 16. Qc2
{[%clk 1:08:15]} 16... Ndc3 {[%clk 0:34:49]} 17. Ne5 {[%clk 1:07:02]} 17... f5
{[%clk 0:33:50]} 18. Bxc3 {[%clk 1:04:42]} 18... Nxc3 {[%clk 0:29:55]} 19. Bxa8
{[%clk 1:00:20]} 19... Qxa8 {[%clk 0:28:41]} 20. dxc5 {[%clk 0:56:37]} 20...
Qd5 {[%clk 0:26:37]} 21. Nd3 {[%clk 0:56:01]} 21... a5 {[%clk 0:27:04]} 22. Nf4
{[%clk 0:55:20]} 22... Qe5 {[%clk 0:26:07]} 23. e3 {[%clk 0:52:25]} 23... g5 {
[%clk 0:26:02]} 24. Ne2 {[%clk 0:52:11]} 24... Ne4 {[%clk 0:19:10]} 25. c6 {
[%clk 0:49:23]} 25... g4 {[%clk 0:16:01]} 26. Nf4 {[%clk 0:45:45]} 26... Nc3 {
[%clk 0:14:55]} 27. Qd3 {[%clk 0:44:46]} 27... Rd8 {[%clk 0:13:23]} 28. Qc4 {
[%clk 0:45:10]} 28... Kf7 {[%clk 0:13:46]} 29. Rac1 {[%clk 0:42:23]} 29... Rc8
{[%clk 0:12:57]} 30. Ne2 {[%clk 0:39:30]} 30... Ne4 {[%clk 0:12:09]} 31. Qd4 {
[%clk 0:38:28]} 31... Qc7 {[%clk 0:09:10]} 32. Rfd1 {[%clk 0:35:03]} 32... Rd8
{[%clk 0:07:47]} 33. Qxd8 {[%clk 0:31:53]} 33... Bxd8 {[%clk 0:08:06]} 34. Rd7+
{[%clk 0:32:17]} 34... Qxd7 {[%clk 0:08:27]} 35. cxd7 {[%clk 0:32:45]} 35...
Ke7 {[%clk 0:08:26]} 36. Nd4 {[%clk 0:29:15]} 36... Kxd7 {[%clk 0:08:02]} 37.
Rd1 {[%clk 0:24:31]} 37... Nd6 {[%clk 0:06:13]} 38. Nb5 {[%clk 0:24:46]} 38...
Be7 {[%clk 0:05:19]} 39. Kg2 {[%clk 0:25:10]} 39... Kc6 {[%clk 0:05:07]} 40.
Rc1+ {[%clk 0:25:29]} 1-0

[Event "DEM U18 2018"]
[Site "Willingen GER"]
[Date "2018.05.23"]
[Round "5"]
[White "Muckle, Julius"]
[Black "Schneider, Jana"]
[Result "1/2-1/2"]
[Termination "normal"]
[Board "8"]
[WhiteTitle "FM"]
[BlackTitle "FM"]
[WhiteElo "2344"]
[BlackElo "2214"]
[WhiteClock "00:02:17"]
[BlackClock "00:01:13"]
[PlyCount "70"]
[WhiteFideId "12942430"]
[BlackFideId "12924997"]
[EventCountry "GER"]
[EventRounds "9"]
[EventType "swiss"]
[EventDate "2018.05.19"]

1. d4 {[%clk 1:30:58]} 1... Nf6 {[%clk 1:30:52]} 2. c4 {[%clk 1:31:00]} 2... e6
{[%clk 1:31:13]} 3. Nc3 {[%clk 1:31:13]} 3... Bb4 {[%clk 1:31:29]} 4. e3 {
[%clk 1:31:40]} 4... O-O {[%clk 1:31:45]} 5. Bd3 {[%clk 1:31:34]} 5... d5 {
[%clk 1:32:04]} 6. Nf3 {[%clk 1:32:00]} 6... c5 {[%clk 1:32:23]} 7. O-O { [%clk
1:32:21]} 7... dxc4 {[%clk 1:32:43]} 8. Bxc4 {[%clk 1:32:47]} 8... Nc6 { [%clk
1:33:00]} 9. a3 {[%clk 1:32:29]} 9... Bxc3 {[%clk 1:33:19]} 10. bxc3 { [%clk
1:32:53]} 10... Qc7 {[%clk 1:33:36]} 11. Bb2 {[%clk 1:32:42]} 11... e5 { [%clk
1:33:29]} 12. h3 {[%clk 1:33:08]} 12... e4 {[%clk 1:24:38]} 13. Nd2 { [%clk
1:33:00]} 13... Re8 {[%clk 1:22:53]} 14. Ba2 {[%clk 1:24:49]} 14... Bf5 { [%clk
1:20:02]} 15. Qe2 {[%clk 1:04:11]} 15... Bg6 {[%clk 1:12:46]} 16. Nb3 { [%clk
0:56:18]} 16... Nd7 {[%clk 1:10:05]} 17. a4 {[%clk 0:37:30]} 17... b6 { [%clk
1:07:20]} 18. Rfd1 {[%clk 0:27:10]} 18... Ne7 {[%clk 0:59:56]} 19. Ba3 { [%clk
0:26:35]} 19... Rac8 {[%clk 0:57:24]} 20. Qb5 {[%clk 0:21:13]} 20... Bf5 {[%clk
0:50:57]} 21. Rac1 {[%clk 0:14:40]} 21... h5 {[%clk 0:38:46]} 22. dxc5 { [%clk
0:05:17]} 22... bxc5 {[%clk 0:34:08]} 23. Nd4 {[%clk 0:05:36]} 23... a6 { [%clk
0:24:30]} 24. Qc4 {[%clk 0:02:11]} 24... Ne5 {[%clk 0:16:33]} 25. Qxa6 { [%clk
0:01:42]} 25... Nd3 {[%clk 0:13:42]} 26. Nxf5 {[%clk 0:01:25]} 26... Nxf5
{[%clk 0:14:06]} 27. Rb1 {[%clk 0:00:21]} 27... Nxf2 {[%clk 0:11:11]} 28. Kxf2
{[%clk 0:00:33]} 28... Qg3+ {[%clk 0:11:29]} 29. Kg1 {[%clk 0:00:32]} 29... Nh4
{[%clk 0:10:12]} 30. Bxf7+ {[%clk 0:00:34]} 30... Kxf7 {[%clk 0:06:53]} 31. Qe2
{[%clk 0:00:34]} 31... Nf3+ {[%clk 0:06:40]} 32. Kf1 {[%clk 0:00:59]} 32...
Nh2+ {[%clk 0:05:02]} 33. Kg1 {[%clk 0:01:27]} 33... Nf3+ {[%clk 0:04:59]} 34.
Kf1 {[%clk 0:01:52]} 34... Nh2+ {[%clk 0:01:13]} 35. Kg1 {[%clk 0:02:17]} 35...
Nf3+ 1/2-1/2